000 00627 a2200157 4500
003 NUST
005 20221206132933.0
040 _cNust
082 _a155.9042,BHA
100 _aBhan, Kiran Sumbali
_979818
245 _aStress Management :
_bCoping with the Militancy Situations /
_cKiran Sumbali Bhan
260 _aindia
_bSterling
_c1998
300 _aviii,104p .:
505 _aBiological Bases of Behavior (Page-1), Emotion and stress (Page-17), Manifestations of Stress (Page-34), Militancy Situations and Stress (Page-42), Coping with Stress (Page-52), Approaches to Treatment(Page-64).
942 _2ddc
_cBK
_k155.9042,BHA
999 _c193756
_d193756